Musical acoustics.

Guardat en:
Dades bibliogràfiques
Autor principal: Culver, Charles A
Format: Llibre
Idioma:anglès
Publicat: New York, USA McGraw-Hill 1956
Edició:Cuarta edición
Matèries:
Etiquetes: Afegir etiqueta
Sense etiquetes, Sigues el primer a etiquetar aquest registre!

MARC

LEADER 00000nam a2200000 a 4500
001 UCN3250
003 CL-VaPUC
005 20241024153440.0
008 010622e19560000US |||||||||||||||||eng|d
999 |c 296175  |d 296173 
040 |c Pontificia Universidad Católica de Valparaíso 
082 0 4 |a 781.23 CUL 1956  |2 21 
100 0 |a Culver, Charles A  |9 459726 
245 1 0 |a Musical acoustics. 
250 |a Cuarta edición 
260 0 3 |a New York, USA  |b McGraw-Hill  |c 1956 
300 |a 305 páginas 
583 |a last modification  |c 20010622 00:00:00  |k Rodrigo Vera 
650 0 |a Música acústica y física  |9 268234 
650 0 |a Sonido   |9 261796 
650 0 |a Acústica   |9 265389 
650 0 |a Elementos musicales  |9 306544 
650 0 |a Teoría musical  |9 265760 
942 |c BK  |2 ddc 
945 |d 20010622 00:00:00  |a crobeson 
952 |0 0  |1 0  |2 ddc  |4 0  |6 781_230000000000000_CUL_1956  |7 0  |8 A  |9 349790  |a BIBEDU  |b BIBEDU  |d 2019-11-20  |i 3669432  |o 781.23 CUL 1956  |p 3669432  |r 2023-01-12  |t 1  |w 2019-11-20  |y BK  |k MUS